书目信息 |
| 题名: |
《中华人民共和国证券投资基金法》释解及实用指南
|
|
| 作者: | 何永坚 主编 | |
| 分册: | ||
| 出版信息: | 北京 中国民主法制出版社 2003.11 |
|
| 页数: | 342页 | |
| 开本: | 20cm | |
| 丛书名: | 中华人民共和国法律释义及实用指南丛书 | |
| 单 册: | ||
| 中图分类: | D922.287.5 | |
| 科图分类: | ||
| 主题词: | 法律--中国 | |
| 电子资源: | ||
| ISBN: | 7-80078-822-9 | |
| 000 | 00788nam0 2200217 450 | |
| 001 | 0839236533 | |
| 005 | 20080620105618.61 | |
| 010 | @a7-80078-822-9@dCNY24.00 | |
| 100 | @a20080620d2003 km y0chiy0120 ea | |
| 101 | 0 | @achi |
| 102 | @aCN@b110000 | |
| 200 | 1 | @a《中华人民共和国证券投资基金法》释解及实用指南@A《zhong hua ren min gong he guo zheng quan tou zi ji jin fa》shi jie ji shi yong zhi nan@f何永坚主编@Fhe yong jian zhu bian |
| 210 | @a北京@c中国民主法制出版社@d2003.11 | |
| 215 | @a342页@d20cm | |
| 225 | 2 | @a中华人民共和国法律释义及实用指南丛书 |
| 410 | 0 | @12001 @a中华人民共和国法律释义及实用指南丛书 |
| 606 | 0 | @a法律@x中国 |
| 690 | @aD922.287.5@v4 | |
| 701 | 0 | @a何永坚@Ahe yong jian@4主编 |
| 801 | 0 | @aCN@b山东省滨州职业学院图书馆@c20080620 |
| 905 | @aBZT@dD922.287.5@e3 | |
| 《中华人民共和国证券投资基金法》释解及实用指南/何永坚主编.-北京:中国民主法制出版社,2003.11 |
| 342页;20cm.-(中华人民共和国法律释义及实用指南丛书) |
| ISBN 7-80078-822-9:CNY24.00 |
| ● |
| 相关链接 |
|
|
|
正题名:《中华人民共和国证券投资基金法》释解及实用指南
索取号:D922.287.5/3
 
预约/预借
| 序号 | 登录号 | 条形码 | 馆藏地/架位号 | 状态 | 备注 |
| 1 | 684361 | 2000684361 | 中心书库南/013架A面6层6列/ [索取号:D922.287.5/3] | 在馆 | |
| 2 | 684362 | 2000684362 | 中心书库南/013架A面6层6列/ [索取号:D922.287.5/3] | 在馆 | |
| 3 | 684363 | 2000684363 | 中心书库南/013架A面6层6列/ [索取号:D922.287.5/3] | 在馆 | |
| 4 | 684364 | 2000684364 | 中心书库南/013架A面6层6列/ [索取号:D922.287.5/3] | 在馆 |